| Tag |
First Indicator |
Second Indicator |
Subfields |
| LEADER |
00000cam a2200000 i 4500 |
| 001 |
in00001742221 |
| 005 |
20211202195449.0 |
| 006 |
m o d f |
| 007 |
cr mn||||||||| |
| 008 |
030331s1999 dcu os f000 0 eng c |
| 035 |
|
|
|a (OCoLC)ocm51949647
|
| 040 |
|
|
|a GPO
|b eng
|e rda
|e pn
|c GPO
|d OCLCQ
|d SYB
|d OCLCQ
|d OCLCO
|d OCLCA
|d OCLCF
|d OCLCQ
|d GPO
|d MvI
|d UtOrBLW
|
| 042 |
|
|
|a pcc
|
| 043 |
|
|
|a n-us---
|
| 049 |
|
|
|a WWW
|
| 074 |
|
|
|a 0136 (online)
|
| 086 |
0 |
|
|a C 3.24/4:EC 97 M-3329 A
|
| 088 |
|
|
|a EC 97 M-3329 A
|
| 130 |
0 |
|
|a Economic census (1997).
|p Manufacturing.
|p Industry series.
|
| 245 |
1 |
0 |
|a 1997 economic census.
|p Manufacturing.
|p Industry series.
|p Industrial valve manufacturing.
|
| 246 |
3 |
0 |
|a Manufacturing.
|p Industry series.
|p Industrial valve manufacturing
|
| 246 |
3 |
0 |
|a Industry series.
|p Industrial valve manufacturing
|
| 246 |
3 |
0 |
|a Industrial valve manufacturing
|
| 264 |
|
1 |
|a [Washington, D.C.] :
|b U.S. Department of Commerce, Economics and Statistics Administration, U.S. Census Bureau,
|c 1999.
|
| 336 |
|
|
|a text
|b txt
|2 rdacontent
|
| 337 |
|
|
|a computer
|b c
|2 rdamedia
|
| 338 |
|
|
|a online resource
|b cr
|2 rdacarrier
|
| 538 |
|
|
|a Mode of access: Internet from the U.S. Census Bureau web site. Address as of 3/31/03: http://www.census.gov/prod/ec97/97m3329a.pdf ; current access is available via PURL.
|
| 500 |
|
|
|a Title from title screen (viewed Mar. 31, 2003).
|
| 500 |
|
|
|a "Issued November 1999."
|
| 500 |
|
|
|a "EC97M-3329A."
|
| 650 |
|
0 |
|a Valve industry
|z United States
|v Statistics.
|
| 650 |
|
0 |
|a Manufacturing industries
|z United States
|v Statistics.
|
| 710 |
2 |
|
|a U.S. Census Bureau,
|e issuing body.
|
| 856 |
4 |
0 |
|u https://purl.fdlp.gov/GPO/LPS28849
|t 0
|
| 999 |
|
|
|a MARS
|
| 999 |
f |
f |
|s 9b3178d2-708f-3dc4-9ba3-39c0e44394be
|i 448fd969-b52c-32fc-b215-738a938daeb7
|t 0
|
| 952 |
f |
f |
|a Texas A&M University
|b College Station
|c Electronic Resources
|d Available Online
|t 0
|e C 3.24/4:EC 97 M-3329 A
|h Superintendent of Documents classification
|
| 998 |
f |
f |
|a C 3.24/4:EC 97 M-3329 A
|t 0
|l Available Online
|